000 00303nam a22001337a 4500
008 181217b xxu||||| |||| 00| 0 eng d
020 _a9780764563935
041 _aeng
080 _a370
100 _a47
101 _aEDU
245 _aWriitng Grmmar Usage And Style
_c James .M
942 _2udc
_cBK
999 _c53162
_d53162